000 00988nam a2200217Ia 4500
003 OSt
005 20201019113213.0
008 191128t2010 ck a gr 000 0 spa d
020 _a9789589952702
040 _aCO-JMCR
_cCO-JMCR
041 0 _aspa
082 0 4 _a986.105 /
_bR696b
_223
100 1 _aRodríguez Gómez, Juan Camilo,
_eeditor
_98268
245 1 0 _aBicentenario de la Independencia de Colombia /
_ceditor, Juan Camilo Rodríguez Gómez
260 _aBogotá :
_bRevista Credencial Historia,
_c©2010
300 _a264 páginas :
_bilustraciones a color ;
_c26 cm.
505 0 _aColonialismo e imperialismo: pretextos para el saqueo y los despojos -- "Yo, el rey". Tres siglos del imperio colonial español, 1492-1788 -- Revolucionarios y científicos conspirando por la independencia -- De los pasquines a la revolución
650 1 4 _aGuerra de independencia
_y1810-1819
_911109
651 4 _aColombia
_xhistoria
_yguerra de independencia
_z1810-1819
_911670
942 _2ddc
_cBK
999 _c6282
_d6282